000 00939nam a22002297a 4500
999 _c7609
_d7609
001 7609
003 BD-JhCC
005 20180301115302.0
008 171218s20072011bg |||| ||a| 000 0 ben d
035 _a(BD-JhCC)7609
040 _aBD-JhCC
_dBD-JhCC
041 _aben
082 _a001
_bPRO 2007
245 _aপ্রফেসর’স বিসিএস প্রিলিমিনারী বাংলাদেশ বিষয়াবলী :
_b৩৩তম বিসিএস ও অন্যান্য নিয়োগ পরীক্ষার জন্য /
_cগোলাম কিবরিয়া বিপু...[et. all]
260 _aঢাকা :
_bপ্রফেসর’স প্রকাশন,
_c2007.
300 _a590 p. :
_c23 cm.
650 _aBangladesh affairs
650 _aGeneral Knowledge
700 _aবিপু, গোলাম কিবরিয়া
942 _2ddc
_cBK